Tátra Békástó és Tengerszemcsúcs

Bibliographic Details
Format: Postcard
Language:Hungarian
German
PhysicalDescription:1 pohľadnica farebná 9 x 14 cm
Published: Eperjes Cattarino S. utóda Földes Samu 1911
Subjects:

MARC

LEADER 00000nkm a2200000 a 4500
001 vtls011562261
003 SK-MaSNL
005 20260512122137.0
007 kp co
008 251201s1911 xo g kuhun
015 |a SNBG 
035 |a urn:nbn:sk:snk-km00bkqm 
035 |a urn:nbn:sk:snk-km3lnau 
035 |a B6C95E88-C4D8-444D-B72B-F8AFE1ECF706 
040 |a SNK  |b slo  |c SNK  |e AACR2 
041 0 |a hun  |a ger 
043 |a e-xo--- 
044 |a xo  |c SK 
080 |a 551.332.56(234.372.4)  |2 2011 
080 |a 551.24.055(234.372.4)  |2 2011 
080 |a (437.6)  |2 2011 
080 |a 913(437.6)  |2 2011 
080 |a (234.372.4)  |2 2011 
080 |a (084.121)  |2 2011 
245 0 0 |a Tátra  |b Békástó és Tengerszemcsúcs 
246 3 1 |a Tátra  |b Frosch-See und Meeraugenspitze 
260 |a Eperjes  |b Cattarino S. utóda Földes Samu  |c 1911 
300 |a 1 pohľadnica  |b farebná  |c 9 x 14 cm 
546 |a Názov súbežne maďarsky a nemecky 
650 0 7 |a horské plesá  |2 SNKPH  |9 171908 
651 7 |a Vysoké Tatry (Poľsko a Slovensko : pohorie)  |2 SNKPHgeo  |9 67729 
651 7 |a Veľké Žabie pleso (Vysoké Tatry, Slovensko)  |2 SNKPH  |9 160595 
651 7 |a Rysy (Vysoké Tatry, Poľsko a Slovenko : štít)  |2 SNKPH  |9 175510 
655 7 |a miestne pohľadnice  |2 SNKPH  |9 70510 
752 |a Slovensko  |d Prešov 
852 |a Slovenská národná knižnica 
958 |a GC 
958 |a GBN 
958 |a ONDV 
999 |c 587723  |d 589653 
952 |a SNK  |b SNK  |y PREZ  |7 0  |p 17A1194118  |o snkSP 15266  |0 0  |1 0  |4 0  |d 2016-06-22  |f 1  |l 0  |r 2026-02-23 15:14:26  |w 2026-02-23